Derecho procesal administrativo (Record no. 141332)

MARC details
000 -LEADER
campo de control de longitud fija 00713nam a2200181 i 4500
001 - NÚMERO DE CONTROL
campo de control 141332
003 - IDENTIFICADOR DE NÚMERO DE CONTROL
campo de control ES-MaACL
007 - CAMPO FIJO DE DESCRIPCIÓN FÍSICA--INFORMACIÓN GENERAL
campo de control de longitud fija t|
008 - DATOS DE LONGITUD FIJA--INFORMACIÓN GENERAL
campo de control de longitud fija 070921q1948 sp ||||1| spa d
080 ## - NÚMERO DE LA CLASIFICACIÓN DECIMAL UNIVERSAL
Número de la Clasificación Decimal Universal 35(460).077.3
100 1# - ENTRADA PRINCIPAL--NOMBRE DE PERSONA
Nombre de persona Villar y Romero, José María.
9 (RLIN) 115107
245 10 - MENCIÓN DEL TÍTULO
Título Derecho procesal administrativo
Resto del título : procedimiento administrativo . Recursos de agravios y procedimiento contencioso-administrativo /
Mención de responsabilidad, etc. José María Villar y Romero.
250 ## - MENCION DE EDICION
Mención de edición 2ª ed. corr. y aum.
260 ## - PUBLICACIÓN, DISTRIBUCIÓN, ETC.
Lugar de publicación, distribución, etc. Madrid :
Nombre del editor, distribuidor, etc. Revista de Derecho Privado,
Fecha de publicación, distribución, etc. [1948?] (
Fabricante Gráfs. González)
300 ## - DESCRIPCIÓN FÍSICA
Extensión XXIII, 549 p. ;
Dimensiones 22 cm.
650 14 - PUNTO DE ACCESO ADICIONAL DE MATERIA--TÉRMINO DE MATERIA
Término de materia o nombre geográfico como elemento de entrada Procedimiento contencioso administrativo-
Subdivisión geográfica España.
9 (RLIN) 16424
852 ## - LOCALIZACIÓN
Ubicación ES-MaACL
Número de control de estantería E-806
Sublocalización o colección R.37076
Holdings
Estatus retirado Estado de pérdida Estado de daño No para préstamo Biblioteca de origen Biblioteca actual Ubicación en estantería Fecha de adquisición Fuente de adquisición Total de préstamos Signatura topográfica completa Código de barras Visto por última vez Precio de reemplazo Tipo de ítem Koha
        Biblioteca del Ateneo de Madrid Biblioteca del Ateneo de Madrid Depósito 2 17/01/2008     E-806 1147058 23/02/2023 23/02/2023 Libro impreso